MARC

LEADER 00000nam0a2200000 4500
001 339936
005 20231102005205.0
035 |a (RuTPU)RU\TPU\book\366480 
090 |a 339936 
100 |a 20180205d1915 m y0rusy50 ca 
101 0 |a rus 
102 |a RU 
105 |a ac z 001zb 
200 1 |a Памяти Александра Павловича Гавриленко  |f Московское Политехническое общество 
210 |a Москва  |c Типо-литография Русского Товарищества Печатного и Издательского дела  |d 1915 
215 |a 245 с.  |c ил. 
600 1 |a Гавриленко  |b А. П.  |c профессор, русский инженер-механик, специалист по паровым котлам  |c педагог, общественный деятель  |f 1861-1914  |g Александр Павлович  |2 stltpush  |3 (RuTPU)RU\TPU\pers\17954  |9 6668 
606 |a Механика  |x История  |2 stltpush  |3 (RuTPU)RU\TPU\subj\43560  |9 63047 
610 1 |a биография 
610 1 |a ученые 
610 1 |a преподаватели 
610 1 |a механики 
675 |a 531(09)  |v 4 
712 0 2 |a Московское Политехническое общество  |2 stltpush  |3 (RuTPU)RU\TPU\col\16285  |9 26367 
801 1 |a RU  |b 63413507  |c 20180205 
801 2 |a RU  |b 63413507  |c 20180205  |g RCR 
942 |c BK